Economics(Question Bank)-XII (Record no. 11523)
[ view plain ]
| 000 -LEADER | |
|---|---|
| fixed length control field | 00255nam a22000977a 4500 |
| 008 - FIXED-LENGTH DATA ELEMENTS--GENERAL INFORMATION | |
| fixed length control field | 190531b ||||| |||| 00| 0 eng d |
| 020 ## - INTERNATIONAL STANDARD BOOK NUMBER | |
| International Standard Book Number | 9788121933452 |
| 100 ## - MAIN ENTRY--PERSONAL NAME | |
| Personal name | Wason,V. |
| 9 (RLIN) | 7235 |
| 245 ## - TITLE STATEMENT | |
| Title | Economics(Question Bank)-XII |
| 260 ## - PUBLICATION, DISTRIBUTION, ETC. (IMPRINT) | |
| Place of publication, distribution, etc. | New Delhi |
| Name of publisher, distributor, etc. | S.Chand |
| Date of publication, distribution, etc. | 2012 |
| Withdrawn status | Lost status | Source of classification or shelving scheme | Damaged status | Koha normalized classification for sorting | Not for loan | Home library | Current library | Shelving location | Date acquired | Total Checkouts | Full call number | Barcode | Date last seen | Price effective from | Koha item type |
|---|---|---|---|---|---|---|---|---|---|---|---|---|---|---|---|
| Dewey Decimal Classification | WAS_330_000000000000000 | Good Samaritan School Library | Good Samaritan School Library | Economics | 05/31/2019 | WAS330 | WAS15273 | 05/31/2019 | 05/31/2019 | BOOK |